| 000 | 00593nam a22001937a 4500 | ||
|---|---|---|---|
| 003 | NUST | ||
| 005 | 20230918163601.0 | ||
| 008 | 190809b ||||| |||| 00| 0 eng d | ||
| 038 | _aMr. Noman | ||
| 082 | _a658 | ||
| 100 |
_aKhalid, Benish _919231 |
||
| 245 |
_aHR'S ROLE IN ACQUISITION: _bHR' S ROLE IN ACQUISITION: A CASE STUDY OF INTERNATIONAL TURNKEY SYSTEMS-KUWAIT _cBENISH KHALID. |
||
| 260 |
_aIslamabad: _bNBS - NUST, _c2014. |
||
| 300 |
_a64 p.: ill.; _c30cm. |
||
| 500 | _aHardcover. | ||
| 650 |
_aMBA Thesis. _917629 |
||
| 700 |
_aNadia Zaheer Khan. _919079 |
||
| 942 |
_2ddc _cTHE |
||
| 999 |
_c527792 _d527792 |
||